Representación y reflexividad en la (auto) etnografía crítica: ¿voces o diálogos? /
Gespeichert in:
| 1. Verfasser: | |
|---|---|
| Format: | Text |
| Tags: |
Tag hinzufügen
Keine Tags, Fügen Sie den ersten Tag hinzu!
|
MARC
| LEADER | 00000 a a2200000 04500 | ||
|---|---|---|---|
| 001 | 10123 | ||
| 003 | |||
| 040 | |||
| 100 | |a Street, Susan | ||
| 245 | |a Representación y reflexividad en la (auto) etnografía crítica: |b ¿voces o diálogos? / |c Susan Street | ||
| 773 | |g número 18; páginas 72-79 | ||
| 999 | |c 21498 |d 21498 | ||
